Statistics for Territorial Evolution of the United States on a Map

Click here to take the quiz!

General Stats

  • This quiz has been taken 8,932 times
  • The average score is 8 of 23

Answers on the Map

Answers color-coded by a green-red scale on the quiz's map according to % correct below.
 

Answer Stats

YearChangeCountry% Correct
1783GainGreat Britain
97%
1803GainFrance
67%
1848GainMexico
51%
1819ExchangeSpain
51%
1818ExchangeUnited Kingdom
48%
1845GainTexas
45%
1846LossUnited Kingdom
45%
1898GainSpain
42%
1867GainRussia
40%
1860/61LossConfederate States
38%
1791GainVermont
38%
1942LossJapan
32%
1946LossPhilippines
32%
1898GainHawaii
31%
1902LossCuba
29%
1810GainWest Florida
23%
1986LossF. S. Micronesia
18%
1994LossPalau
18%
1986LossMarshall Islands
17%
1917GainDenmark
13%
1903GainPanama
13%
1979LossPanama
13%
1899GainSamoa
13%

Score Distribution

Percentile by Number Answered

Percent of People with Each Score

Your Score History

You have not taken this quiz